[Event "Eurasia Open Cup 2019"]
[Site "Ekaterinburg"]
[Date "2019.08.01"]
[Round "2.6"]
[White "Isanzhulov, Arystan"]
[Black "Zhigalko, Andrey"]
[Result "0-1"]
[WhiteElo "2278"]
[BlackElo "2549"]
[Annotator "ChessBase"]
[PlyCount "120"]
[EventDate "2019.07.31"]
[EventType "swiss"]
[EventCountry "RUS"]
[SourceTitle "playchess.com"]
[Source "ChessBase"]
[SourceQuality "1"]
[TimeControl "5400+30"]

1. e4 {[%emt 0:00:00]} c5 {[%emt 0:00:00]} 2. Nc3 {[%emt 0:00:16]} Nc6 {[%emt 0:00:00]} 3. Bb5 {[%emt 0:00:38]} Nd4 {[%emt 0:00:00]} 4. Nf3 {[%emt 0:00:07]} e6 {[%emt 0:00:39]} 5. O-O {[%emt 0:00:50]} a6 {[%emt 0:01:42]} 6. Bd3 {[%emt 0:00:36]} Nc6 {[%emt 0:01:03]} 7. e5 {[%emt 0:02:42]} d5 {[%emt 0:13:40]} 8. exd6 {[%emt 0:00:08]} Bxd6 {[%emt 0:00:39]} 9. Re1 {[%emt 0:01:13]} Nf6 {[%emt 0:05:15]} 10. Ne4 {[%emt 0:00:00]} O-O {[%emt 0:06:14]} 11. Nxf6+ {[%emt 0:05:39]} Qxf6 {[%emt 0:01:07]} 12. Be4 {[%emt 0:01:18]} e5 {[%emt 0:16:59]} 13. h3 {[%emt 0:33:39]} Bd7 {[%emt 0:01:01]} 14. c3 {[%emt 0:08:59]} h6 {[%emt 0:02:38]} 15. d4 {[%emt 0:08:03]} exd4 {[%emt 0:04:08]} 16. cxd4 {[%emt 0:01:20]} cxd4 {[%emt 0:04:13]} 17. Bxc6 {[%emt 0:00:24]} Bxc6 {[%emt 0:01:23]} 18. Qxd4 {[%emt 0:00:05]} Qxd4 {[%emt 0:02:37]} 19. Nxd4 {[%emt 0:00:07]} Rfe8 {[%emt 0:04:39]} 20. Bd2 {[%emt 0:02:52]} Bd5 {[%emt 0:02:13]} 21. Red1 {[%emt 0:03:09]} Be5 {[%emt 0:04:57]} 22. Bc3 {[%emt 0:00:05]} Rad8 {[%emt 0:01:17]} 23. a3 {[%emt 0:01:18]} f6 {[%emt 0:00:49]} 24. Ne2 {[%emt 0:09:02]} Bb8 {[%emt 0:04:39]} 25. Nd4 {[%emt 0:01:40]} Kf7 {[%emt 0:01:05]} 26. Nf5 {[%emt 0:02:42]} Bb3 {[%emt 0:08:04]} 27. Rxd8 {[%emt 0:00:56]} Rxd8 {[%emt 0:00:01]} 28. Re1 {[%emt 0:01:00]} Rd7 {[%emt 0:02:08]} 29. Nd4 {[%emt 0:00:56]} Bd5 {[%emt 0:00:13]} 30. Nf5 {[%emt 0:00:46]} h5 {[%emt 0:00:54]} 31. Re2 {[%emt 0:00:30]} Be6 {[%emt 0:00:55]} 32. Nd4 {[%emt 0:04:56]} Bc4 {[%emt 0:02:06]} 33. Re1 {[%emt 0:02:55]} Be5 {[%emt 0:00:06]} 34. Ne2 {[%emt 0:00:29]} Re7 {[%emt 0:03:21]} 35. Nd4 {[%emt 0:01:03]} Rd7 {[%emt 0:01:47]} 36. Ne2 {[%emt 0:00:06]} Bb8 {[%emt 0:00:38]} 37. Nd4 {[%emt 0:00:16]} g6 {[%emt 0:00:31]} 38. Nf3 {[%emt 0:00:37]} g5 {[%emt 0:00:15]} 39. Nd2 {[%emt 0:01:25]} Bd5 {[%emt 0:01:40]} 40. Nf1 {[%emt 0:00:20]} Bb3 {[%emt 0:00:29]} 41. Ng3 {[%emt 0:02:45]} h4 {[%emt 0:02:27]} 42. Ne4 {[%emt 0:00:40]} Re7 {[%emt 0:00:57]} 43. Re3 {[%emt 0:00:24]} Bf4 {[%emt 0:00:27]} 44. Bxf6 {[%emt 0:00:57]} Rxe4 {[%emt 0:00:53]} 45. Rxe4 {[%emt 0:01:36]} Kxf6 {[%emt 0:00:09]} 46. Re1 {[%emt 0:00:37]} b5 {[%emt 0:00:02]} 47. g3 {[%emt 0:01:07]} hxg3 {[%emt 0:00:25]} 48. fxg3 {[%emt 0:01:29]} Be5 {[%emt 0:00:30]} 49. Re2 {[%emt 0:00:04]} Bc4 {[%emt 0:00:05]} 50. Rf2+ {[%emt 0:00:44]} Ke6 {[%emt 0:00:59]} 51. Kg2 {[%emt 0:00:01]} Bd5+ {[%emt 0:00:06]} 52. Kh2 {[%emt 0:00:26]} a5 {[%emt 0:00:20]} 53. Re2 {[%emt 0:00:05]} a4 {[%emt 0:00:13]} 54. Rd2 {[%emt 0:00:41]} Be4 {[%emt 0:00:54]} 55. Re2 {[%emt 0:00:58]} Kd5 {[%emt 0:00:43]} 56. Rf2 {[%emt 0:00:40]} Kd4 {[%emt 0:00:17]} 57. Rf8 {[%emt 0:00:40]} Ke3 {[%emt 0:01:20]} 58. Rg8 {[%emt 0:00:50]} Bxb2 {[%emt 0:00:55]} 59. Rxg5 {[%emt 0:00:21]} Bd3 {[%emt 0:00:35]} 60. h4 {[%emt 0:00:05]} Bxa3 {[%emt 0:00:32]} 0-1

[Event "Eurasia Open Cup 2019"]
[Site "Ekaterinburg"]
[Date "2019.08.01"]
[Round "2.7"]
[White "Sivuk, Vitaly"]
[Black "Garifullina, Leya"]
[Result "1-0"]
[WhiteElo "2546"]
[BlackElo "2268"]
[Annotator "ChessBase"]
[PlyCount "85"]
[EventDate "2019.07.31"]
[EventType "swiss"]
[EventCountry "RUS"]
[SourceTitle "playchess.com"]
[Source "ChessBase"]
[SourceQuality "1"]
[TimeControl "5400+30"]

1. d4 {[%emt 0:01:34]} Nf6 {[%emt 0:00:00]} 2. c4 {[%emt 0:00:08]} e6 {[%emt 0:00:00]} 3. Nf3 {[%emt 0:00:10]} b6 {[%emt 0:00:00]} 4. g3 {[%emt 0:00:00]} Bb7 {[%emt 0:00:00]} 5. Bg2 {[%emt 0:00:00]} Bb4+ {[%emt 0:00:33]} 6. Bd2 {[%emt 0:01:08]} Be7 {[%emt 0:00:00]} 7. Nc3 {[%emt 0:00:40]} O-O {[%emt 0:00:38]} 8. O-O {[%emt 0:00:18]} c6 {[%emt 0:00:12]} 9. e4 {[%emt 0:00:54]} d5 {[%emt 0:00:30]} 10. exd5 {[%emt 0:11:30]} cxd5 {[%emt 0:00:42]} 11. Ne5 {[%emt 0:07:55]} Nc6 {[%emt 0:02:35]} 12. cxd5 {[%emt 0:00:08]} Nxe5 {[%emt 0:00:20]} 13. d6 {[%emt 0:04:47]} Nc6 {[%emt 0:01:38]} 14. dxe7 {[%emt 0:03:24]} Qxe7 {[%emt 0:00:45]} 15. Bg5 {[%emt 0:00:07]} h6 {[%emt 0:00:01]} 16. Bxf6 {[%emt 0:01:54]} Qxf6 {[%emt 0:00:23]} 17. d5 {[%emt 0:02:13]} Na5 {[%emt 0:00:08]} 18. dxe6 {[%emt 0:00:08]} Qxe6 {[%emt 0:01:41]} 19. Re1 {[%emt 0:02:41]} Qf6 {[%emt 0:03:47]} 20. Qg4 {[%emt 0:00:26]} Bxg2 {[%emt 0:01:57]} 21. Kxg2 {[%emt 0:01:41]} Rfd8 {[%emt 0:00:25]} 22. Rad1 {[%emt 0:01:43]} Qc6+ {[%emt 0:00:31]} 23. Qf3 {[%emt 0:00:07]} Qxf3+ {[%emt 0:03:01]} 24. Kxf3 {[%emt 0:01:22]} Kf8 {[%emt 0:01:13]} 25. Nb5 {[%emt 0:02:37]} Nc6 {[%emt 0:00:28]} 26. b3 {[%emt 0:00:02]} Rac8 {[%emt 0:01:11]} 27. h4 {[%emt 0:05:28]} h5 {[%emt 0:02:26]} 28. Rxd8+ {[%emt 0:02:14]} Rxd8 {[%emt 0:06:48]} 29. Rc1 {[%emt 0:09:09]} Nd4+ {[%emt 0:01:32]} 30. Nxd4 {[%emt 0:05:33]} Rxd4 {[%emt 0:00:13]} 31. Rc8+ {[%emt 0:00:17]} Ke7 {[%emt 0:04:10]} 32. Rc7+ {[%emt 0:00:07]} Rd7 {[%emt 0:00:30]} 33. Rxd7+ {[%emt 0:02:53]} Kxd7 {[%emt 0:00:07]} 34. Kf4 {[%emt 0:00:06]} Ke6 {[%emt 0:00:00]} 35. Kg5 {[%emt 0:00:11]} g6 {[%emt 0:00:13]} 36. f4 {[%emt 0:00:09]} b5 {[%emt 0:03:18]} 37. b4 {[%emt 0:00:29]} a6 {[%emt 0:00:08]} 38. a3 {[%emt 0:00:50]} Ke7 {[%emt 0:00:33]} 39. f5 {[%emt 0:04:28]} gxf5 {[%emt 0:04:58]} 40. Kxf5 {[%emt 0:00:17]} f6 {[%emt 0:00:42]} 41. Kg6 {[%emt 0:00:30]} Ke6 {[%emt 0:03:07]} 42. Kxh5 {[%emt 0:00:08]} Kf5 {[%emt 0:03:06]} 43. g4+ {[%emt 0:01:29]} 1-0

[Event "Eurasia Open Cup 2019"]
[Site "Ekaterinburg"]
[Date "2019.08.01"]
[Round "2.8"]
[White "Mamatov, Melis"]
[Black "Sargsyan, Shant"]
[Result "0-1"]
[WhiteElo "2269"]
[BlackElo "2529"]
[Annotator "ChessBase"]
[PlyCount "104"]
[EventDate "2019.07.31"]
[EventType "swiss"]
[EventCountry "RUS"]
[SourceTitle "playchess.com"]
[Source "ChessBase"]
[SourceQuality "1"]
[TimeControl "5400+30"]

1. e4 {[%emt 0:00:00]} e5 {[%emt 0:00:48]} 2. Nf3 {[%emt 0:00:00]} Nc6 {[%emt 0:00:00]} 3. Bb5 {[%emt 0:00:53]} a6 {[%emt 0:01:27]} 4. Ba4 {[%emt 0:00:11]} d6 {[%emt 0:01:19]} 5. c3 {[%emt 0:04:02]} Bd7 {[%emt 0:03:55]} 6. d3 {[%emt 0:00:37]} g6 {[%emt 0:01:04]} 7. Bc2 {[%emt 0:11:52]} Bg7 {[%emt 0:00:17]} 8. Bg5 {[%emt 0:01:10]} Nge7 {[%emt 0:03:31]} 9. h3 {[%emt 0:04:34]} h6 {[%emt 0:01:02]} 10. Bh4 {[%emt 0:01:44]} g5 {[%emt 0:04:17]} 11. Bg3 {[%emt 0:00:19]} f5 {[%emt 0:01:37]} 12. exf5 {[%emt 0:01:03]} Nxf5 {[%emt 0:00:33]} 13. Nbd2 {[%emt 0:10:34]} Qe7 {[%emt 0:00:11]} 14. Qe2 {[%emt 0:01:03]} O-O-O {[%emt 0:02:39]} 15. O-O-O {[%emt 0:02:26]} Nxg3 {[%emt 0:02:26]} 16. fxg3 {[%emt 0:01:16]} d5 {[%emt 0:04:13]} 17. g4 {[%emt 0:00:01]} Rhe8 {[%emt 0:00:49]} 18. Rhe1 {[%emt 0:04:37]} Qc5 {[%emt 0:01:03]} 19. Nb3 {[%emt 0:02:10]} Qb6 {[%emt 0:03:39]} 20. Qd2 {[%emt 0:02:50]} Kb8 {[%emt 0:01:57]} 21. d4 {[%emt 0:06:41]} e4 {[%emt 0:02:30]} 22. Nh2 {[%emt 0:02:42]} Na5 {[%emt 0:02:28]} 23. Nxa5 {[%emt 0:01:30]} Qxa5 {[%emt 0:03:20]} 24. Kb1 {[%emt 0:03:23]} c6 {[%emt 0:00:02]} 25. Nf1 {[%emt 0:00:50]} Qc7 {[%emt 0:00:32]} 26. Ne3 {[%emt 0:00:08]} Rf8 {[%emt 0:10:23]} 27. c4 {[%emt 0:02:26]} Be6 {[%emt 0:00:48]} 28. cxd5 {[%emt 0:01:11]} cxd5 {[%emt 0:01:30]} 29. Bb3 {[%emt 0:04:25]} Qb6 {[%emt 0:05:48]} 30. Re2 {[%emt 0:03:09]} Rf7 {[%emt 0:00:20]} 31. Nc2 {[%emt 0:00:24]} Rdf8 {[%emt 0:01:04]} 32. Ne3 {[%emt 0:01:10]} Qb5 {[%emt 0:02:39]} 33. Qe1 {[%emt 0:04:16]} Ka7 {[%emt 0:04:26]} 34. Rc2 {[%emt 0:02:48]} Bxd4 {[%emt 0:00:39]} 35. Bc4 {[%emt 0:01:14]} Qb6 {[%emt 0:05:01]} 36. Nxd5 {[%emt 0:05:41]} Bxd5 {[%emt 0:01:58]} 37. Bxd5 {[%emt 0:01:53]} Rf2 {[%emt 0:04:14]} 38. Bb3 {[%emt 0:00:47]} Rxc2 {[%emt 0:00:15]} 39. Kxc2 {[%emt 0:00:09]} Rf2+ {[%emt 0:00:21]} 40. Rd2 {[%emt 0:05:24]} e3 {[%emt 0:00:01]} 41. Rxf2 {[%emt 0:00:00]} exf2 {[%emt 0:00:45]} 42. Qe2 {[%emt 0:00:10]} Qg6+ {[%emt 0:00:18]} 43. Kd2 {[%emt 0:03:30]} Qb1 {[%emt 0:00:06]} 44. Bc4 {[%emt 0:00:59]} Qxb2+ {[%emt 0:07:05]} 45. Kd3 {[%emt 0:00:21]} Qc3+ {[%emt 0:00:50]} 46. Ke4 {[%emt 0:00:53]} b5 {[%emt 0:06:25]} 47. Bd3 {[%emt 0:00:35]} Qc5 {[%emt 0:00:38]} 48. Kf3 {[%emt 0:00:00]} Qf8+ {[%emt 0:05:28]} 49. Ke4 {[%emt 0:00:22]} Qf6 {[%emt 0:00:03]} 50. Kd5 {[%emt 0:00:00]} f1=Q {[%emt 0:01:04]} 51. Qxf1 {[%emt 0:01:23]} Qe5+ {[%emt 0:00:36]} 52. Kc6 {[%emt 0:00:20]} Qe6+ {[%emt 0:00:19]} 0-1

[Event "Eurasia Open Cup 2019"]
[Site "Ekaterinburg"]
[Date "2019.08.01"]
[Round "2.9"]
[White "Kunin, Vitaly"]
[Black "Zasukhin, Vadim"]
[Result "1-0"]
[WhiteElo "2527"]
[BlackElo "2249"]
[Annotator "ChessBase"]
[PlyCount "57"]
[EventDate "2019.07.31"]
[EventType "swiss"]
[EventCountry "RUS"]
[SourceTitle "playchess.com"]
[Source "ChessBase"]
[SourceQuality "1"]
[TimeControl "5400+30"]

1. d4 {[%emt 0:03:27]} d5 {[%emt 0:00:00]} 2. Nf3 {[%emt 0:00:27]} Nf6 {[%emt 0:00:00]} 3. c4 {[%emt 0:00:12]} c6 {[%emt 0:00:00]} 4. Qc2 {[%emt 0:01:27]} e6 {[%emt 0:00:41]} 5. g3 {[%emt 0:00:31]} Nbd7 {[%emt 0:00:49]} 6. Bg2 {[%emt 0:01:29]} Bb4+ {[%emt 0:00:34]} 7. Nbd2 {[%emt 0:01:12]} b6 {[%emt 0:00:07]} 8. O-O {[%emt 0:00:38]} Bb7 {[%emt 0:02:31]} 9. e4 {[%emt 0:00:36]} O-O {[%emt 0:00:18]} 10. e5 {[%emt 0:01:41]} Ne8 {[%emt 0:01:50]} 11. h4 {[%emt 0:05:56]} Be7 {[%emt 0:00:00]} 12. b3 {[%emt 0:00:08]} Rc8 {[%emt 0:00:28]} 13. Bb2 {[%emt 0:14:31]} c5 {[%emt 0:01:03]} 14. dxc5 {[%emt 0:00:39]} Nxc5 {[%emt 0:00:56]} 15. Rad1 {[%emt 0:00:02]} Nc7 {[%emt 0:02:05]} 16. Rfe1 {[%emt 0:02:46]} h6 {[%emt 0:01:28]} 17. Nh2 {[%emt 0:09:42]} dxc4 {[%emt 0:01:30]} 18. Nxc4 {[%emt 0:12:43]} Nd5 {[%emt 0:02:28]} 19. Qe2 {[%emt 0:00:50]} Rc7 {[%emt 0:00:23]} 20. Nd6 {[%emt 0:01:48]} Bc6 {[%emt 0:06:18]} 21. Ng4 {[%emt 0:07:37]} Kh7 {[%emt 0:02:45]} 22. b4 {[%emt 0:09:03]} Nxb4 {[%emt 0:15:18]} 23. Bxc6 {[%emt 0:02:58]} Nxc6 {[%emt 0:12:00]} 24. Nxf7 {[%emt 0:00:04]} Qe8 {[%emt 0:09:01]} 25. Qc2+ {[%emt 0:00:27]} g6 {[%emt 0:04:12]} 26. Nd6 {[%emt 0:01:37]} Qa8 {[%emt 0:00:04]} 27. Qd2 {[%emt 0:00:43]} g5 {[%emt 0:17:24]} 28. Qc2+ {[%emt 0:00:19]} Kh8 {[%emt 0:00:04]} 29. Qg6 {[%emt 0:00:51]} 1-0

[Event "Eurasia Open Cup 2019"]
[Site "Ekaterinburg"]
[Date "2019.08.01"]
[Round "2.10"]
[White "Odegov, Artem"]
[Black "Moiseenko, Vadim"]
[Result "0-1"]
[WhiteElo "2261"]
[BlackElo "2523"]
[Annotator "ChessBase"]
[PlyCount "74"]
[EventDate "2019.07.31"]
[EventType "swiss"]
[EventCountry "RUS"]
[SourceTitle "playchess.com"]
[Source "ChessBase"]
[SourceQuality "1"]
[TimeControl "5400+30"]

1. d4 {[%emt 0:00:00]} d5 {[%emt 0:08:01]} 2. c4 {[%emt 0:00:00]} e6 {[%emt 0:00:02]} 3. Nc3 {[%emt 0:00:00]} c6 {[%emt 0:01:22]} 4. e3 {[%emt 0:04:42]} Bd6 {[%emt 0:01:11]} 5. b3 {[%emt 0:03:52]} f5 {[%emt 0:01:11]} 6. Bd3 {[%emt 0:00:47]} Nh6 {[%emt 0:00:20]} 7. Nf3 {[%emt 0:01:35]} Nd7 {[%emt 0:00:33]} 8. h3 {[%emt 0:13:27]} O-O {[%emt 0:01:01]} 9. Qc2 {[%emt 0:02:20]} Qe7 {[%emt 0:01:08]} 10. Bb2 {[%emt 0:00:42]} b6 {[%emt 0:00:29]} 11. Ne2 {[%emt 0:14:02]} Bb7 {[%emt 0:00:44]} 12. Ne5 {[%emt 0:04:27]} Nf7 {[%emt 0:00:39]} 13. Nxd7 {[%emt 0:10:42]} Qxd7 {[%emt 0:00:18]} 14. O-O {[%emt 0:00:52]} Ng5 {[%emt 0:21:49]} 15. a4 {[%emt 0:05:46]} c5 {[%emt 0:00:02]} 16. cxd5 {[%emt 0:00:50]} exd5 {[%emt 0:00:30]} 17. Ng3 {[%emt 0:00:25]} Ne4 {[%emt 0:06:07]} 18. Nxe4 {[%emt 0:07:47]} fxe4 {[%emt 0:03:26]} 19. Bb5 {[%emt 0:06:36]} Qe6 {[%emt 0:03:46]} 20. dxc5 {[%emt 0:07:30]} bxc5 {[%emt 0:03:24]} 21. Be2 {[%emt 0:02:33]} Qg6 {[%emt 0:00:07]} 22. f4 {[%emt 0:00:08]} Qg3 {[%emt 0:02:42]} 23. Qc3 {[%emt 0:01:06]} d4 {[%emt 0:00:20]} 24. exd4 {[%emt 0:03:03]} e3 {[%emt 0:02:10]} 25. d5 {[%emt 0:01:25]} Bxf4 {[%emt 0:00:45]} 26. Rxf4 {[%emt 0:02:03]} Rxf4 {[%emt 0:04:02]} 27. Bg4 {[%emt 0:02:27]} Rd4 {[%emt 0:00:00]} 28. Qe1 {[%emt 0:02:33]} Qf2+ {[%emt 0:00:32]} 29. Qxf2 {[%emt 0:00:40]} exf2+ {[%emt 0:00:10]} 30. Kf1 {[%emt 0:00:11]} Ba6+ {[%emt 0:01:23]} 31. Be2 {[%emt 0:01:13]} Bxe2+ {[%emt 0:00:21]} 32. Kxe2 {[%emt 0:00:40]} Re8+ {[%emt 0:00:02]} 33. Kf1 {[%emt 0:00:18]} Rxd5 {[%emt 0:00:05]} 34. Rc1 {[%emt 0:00:30]} Re1+ {[%emt 0:00:06]} 35. Rxe1 {[%emt 0:00:07]} fxe1=N {[%emt 0:00:03]} 36. Kxe1 {[%emt 0:00:12]} Rd3 {[%emt 0:00:22]} 37. Ba3 {[%emt 0:00:34]} c4 {[%emt 0:00:19]} 0-1

[Event "Eurasia Open Cup 2019"]
[Site "Ekaterinburg"]
[Date "2019.08.01"]
[Round "2.11"]
[White "Akhtariev, Andrey"]
[Black "Vokhidov, Shamsiddin"]
[Result "0-1"]
[WhiteElo "2243"]
[BlackElo "2515"]
[Annotator "ChessBase"]
[PlyCount "80"]
[EventDate "2019.07.31"]
[EventType "swiss"]
[EventCountry "RUS"]
[SourceTitle "playchess.com"]
[Source "ChessBase"]
[SourceQuality "1"]
[TimeControl "5400+30"]

1. Nc3 {[%emt 0:00:00]} d5 {[%emt 0:00:00]} 2. d4 {[%emt 0:00:00]} Nf6 {[%emt 0:00:00]} 3. Bf4 {[%emt 0:00:16]} a6 {[%emt 0:00:00]} 4. e3 {[%emt 0:05:58]} e6 {[%emt 0:00:00]} 5. Nf3 {[%emt 0:00:59]} c5 {[%emt 0:03:01]} 6. Be2 {[%emt 0:03:35]} Nc6 {[%emt 0:03:59]} 7. O-O {[%emt 0:03:04]} b5 {[%emt 0:01:32]} 8. dxc5 {[%emt 0:03:14]} Bxc5 {[%emt 0:00:11]} 9. a4 {[%emt 0:06:32]} b4 {[%emt 0:01:38]} 10. Nb1 {[%emt 0:01:54]} O-O {[%emt 0:00:48]} 11. Nbd2 {[%emt 0:01:40]} Bb7 {[%emt 0:06:53]} 12. Rc1 {[%emt 0:00:19]} Qe7 {[%emt 0:00:31]} 13. Bg5 {[%emt 0:06:44]} h6 {[%emt 0:02:36]} 14. Bh4 {[%emt 0:00:18]} Rfd8 {[%emt 0:00:01]} 15. c3 {[%emt 0:01:57]} bxc3 {[%emt 0:00:32]} 16. bxc3 {[%emt 0:06:31]} Na5 {[%emt 0:00:45]} 17. Qc2 {[%emt 0:05:43]} Rac8 {[%emt 0:01:49]} 18. Rfd1 {[%emt 0:00:48]} Bb4 {[%emt 0:00:56]} 19. c4 {[%emt 0:02:09]} dxc4 {[%emt 0:01:43]} 20. Nxc4 {[%emt 0:03:06]} Bd5 {[%emt 0:02:56]} 21. Bxf6 {[%emt 0:09:25]} gxf6 {[%emt 0:05:04]} 22. Rd4 {[%emt 0:02:13]} f5 {[%emt 0:00:40]} 23. Rcd1 {[%emt 0:00:58]} Nxc4 {[%emt 0:00:31]} 24. Bxc4 {[%emt 0:05:55]} Rxc4 {[%emt 0:01:33]} 25. Rxc4 {[%emt 0:01:41]} Bxc4 {[%emt 0:07:36]} 26. Rxd8+ {[%emt 0:12:18]} Qxd8 {[%emt 0:05:04]} 27. Qxc4 {[%emt 0:00:16]} Qd1+ {[%emt 0:00:10]} 28. Qf1 {[%emt 0:00:13]} Qxa4 {[%emt 0:00:03]} 29. g3 {[%emt 0:00:03]} Bc3 {[%emt 0:00:00]} 30. Qd3 {[%emt 0:00:00]} Bf6 {[%emt 0:00:00]} 31. Kg2 {[%emt 0:00:15]} Kg7 {[%emt 0:00:08]} 32. Nd2 {[%emt 0:00:13]} Qc6+ {[%emt 0:00:46]} 33. e4 {[%emt 0:00:30]} a5 {[%emt 0:00:07]} 34. Kh3 {[%emt 0:02:46]} a4 {[%emt 0:01:03]} 35. exf5 {[%emt 0:02:00]} Qd5 {[%emt 0:01:53]} 36. Qe2 {[%emt 0:02:59]} Qxf5+ {[%emt 0:01:02]} 37. Kg2 {[%emt 0:02:09]} Qd5+ {[%emt 0:01:21]} 38. f3 {[%emt 0:00:33]} Qa2 {[%emt 0:00:18]} 39. Qd3 {[%emt 0:03:47]} a3 {[%emt 0:01:17]} 40. Kh3 {[%emt 0:00:32]} Qd5 {[%emt 0:01:44]} 0-1

[Event "Eurasia Open Cup 2019"]
[Site "Ekaterinburg"]
[Date "2019.08.01"]
[Round "2.12"]
[White "Afanasiev, Nikita"]
[Black "Schepetkova, Margarita"]
[Result "1-0"]
[WhiteElo "2514"]
[BlackElo "2241"]
[Annotator "ChessBase"]
[PlyCount "77"]
[EventDate "2019.07.31"]
[EventType "swiss"]
[EventCountry "RUS"]
[SourceTitle "playchess.com"]
[Source "ChessBase"]
[SourceQuality "1"]
[TimeControl "5400+30"]

1. e4 {[%emt 0:00:00]} c6 {[%emt 0:00:00]} 2. d4 {[%emt 0:00:16]} d5 {[%emt 0:00:00]} 3. e5 {[%emt 0:00:06]} Bf5 {[%emt 0:00:00]} 4. Nf3 {[%emt 0:00:00]} e6 {[%emt 0:00:00]} 5. Be2 {[%emt 0:00:00]} Ne7 {[%emt 0:00:00]} 6. O-O {[%emt 0:00:49]} c5 {[%emt 0:00:40]} 7. Be3 {[%emt 0:04:18]} Bg4 {[%emt 0:10:30]} 8. Nbd2 {[%emt 0:25:16]} Nbc6 {[%emt 0:11:46]} 9. c3 {[%emt 0:02:54]} Nf5 {[%emt 0:02:12]} 10. Nb3 {[%emt 0:06:22]} Bxf3 {[%emt 0:07:35]} 11. Bxf3 {[%emt 0:00:56]} c4 {[%emt 0:00:16]} 12. Nd2 {[%emt 0:05:22]} f6 {[%emt 0:04:58]} 13. exf6 {[%emt 0:05:38]} Qxf6 {[%emt 0:02:10]} 14. Re1 {[%emt 0:01:32]} O-O-O {[%emt 0:06:26]} 15. Bg4 {[%emt 0:01:02]} h5 {[%emt 0:00:31]} 16. Bxf5 {[%emt 0:04:46]} Qxf5 {[%emt 0:05:00]} 17. Nf3 {[%emt 0:02:05]} Bd6 {[%emt 0:01:10]} 18. b3 {[%emt 0:00:31]} e5 {[%emt 0:05:03]} 19. bxc4 {[%emt 0:06:16]} dxc4 {[%emt 0:05:58]} 20. Qa4 {[%emt 0:00:54]} h4 {[%emt 0:07:37]} 21. h3 {[%emt 0:03:08]} e4 {[%emt 0:05:30]} 22. Nd2 {[%emt 0:01:36]} g5 {[%emt 0:01:03]} 23. Qd1 {[%emt 0:10:07]} g4 {[%emt 0:03:39]} 24. Qxg4 {[%emt 0:00:39]} Qxg4 {[%emt 0:01:08]} 25. hxg4 {[%emt 0:01:06]} Rhg8 {[%emt 0:04:20]} 26. g5 {[%emt 0:00:19]} Ne7 {[%emt 0:00:58]} 27. Nxe4 {[%emt 0:00:02]} Nd5 {[%emt 0:00:28]} 28. Rab1 {[%emt 0:00:25]} a6 {[%emt 0:00:39]} 29. Nxd6+ {[%emt 0:04:37]} Rxd6 {[%emt 0:00:00]} 30. Bd2 {[%emt 0:01:17]} b5 {[%emt 0:00:52]} 31. a4 {[%emt 0:00:58]} bxa4 {[%emt 0:00:04]} 32. Ra1 {[%emt 0:00:34]} Nb6 {[%emt 0:01:03]} 33. Re5 {[%emt 0:03:35]} Kd7 {[%emt 0:00:03]} 34. Ra5 {[%emt 0:00:09]} Ke6 {[%emt 0:00:18]} 35. Bf4 {[%emt 0:00:18]} Rc6 {[%emt 0:00:15]} 36. d5+ {[%emt 0:00:55]} Nxd5 {[%emt 0:00:53]} 37. Re1+ {[%emt 0:00:48]} Kf5 {[%emt 0:00:30]} 38. Rxd5+ {[%emt 0:02:37]} Kxf4 {[%emt 0:00:04]} 39. f3 {[%emt 0:00:05]} 1-0

[Event "Eurasia Open Cup 2019"]
[Site "Ekaterinburg"]
[Date "2019.08.01"]
[Round "2.13"]
[White "Rudometov, Maxim"]
[Black "Bocharov, Dmitry"]
[Result "0-1"]
[WhiteElo "2233"]
[BlackElo "2506"]
[Annotator "ChessBase"]
[PlyCount "98"]
[EventDate "2019.07.31"]
[EventType "swiss"]
[EventCountry "RUS"]
[SourceTitle "playchess.com"]
[Source "ChessBase"]
[SourceQuality "1"]
[TimeControl "5400+30"]

1. d4 {[%emt 0:01:27]} Nf6 {[%emt 0:03:18]} 2. c4 {[%emt 0:01:00]} g6 {[%emt 0:00:21]} 3. g3 {[%emt 0:03:06]} Bg7 {[%emt 0:00:42]} 4. Bg2 {[%emt 0:00:19]} O-O {[%emt 0:00:00]} 5. Nf3 {[%emt 0:01:52]} d6 {[%emt 0:00:25]} 6. O-O {[%emt 0:00:30]} Nc6 {[%emt 0:00:00]} 7. Nc3 {[%emt 0:03:23]} Bf5 {[%emt 0:00:47]} 8. d5 {[%emt 0:04:56]} Na5 {[%emt 0:00:33]} 9. Nd4 {[%emt 0:01:00]} Bd7 {[%emt 0:00:51]} 10. b3 {[%emt 0:05:32]} c5 {[%emt 0:00:33]} 11. dxc6 {[%emt 0:02:22]} bxc6 {[%emt 0:00:22]} 12. Bb2 {[%emt 0:01:53]} Rb8 {[%emt 0:00:31]} 13. Rb1 {[%emt 0:00:51]} c5 {[%emt 0:10:04]} 14. Nc2 {[%emt 0:01:17]} Nc6 {[%emt 0:02:11]} 15. Qd2 {[%emt 0:16:29]} Qc8 {[%emt 0:03:38]} 16. Nd5 {[%emt 0:04:53]} Nxd5 {[%emt 0:00:17]} 17. Bxg7 {[%emt 0:00:44]} Kxg7 {[%emt 0:00:08]} 18. cxd5 {[%emt 0:00:00]} Nb4 {[%emt 0:03:29]} 19. Nxb4 {[%emt 0:13:34]} Rxb4 {[%emt 0:00:57]} 20. a3 {[%emt 0:05:39]} Rb6 {[%emt 0:00:00]} 21. b4 {[%emt 0:00:43]} Qb7 {[%emt 0:00:21]} 22. Be4 {[%emt 0:00:20]} Rc8 {[%emt 0:01:57]} 23. bxc5 {[%emt 0:01:01]} Rxc5 {[%emt 0:05:40]} 24. Rxb6 {[%emt 0:05:49]} axb6 {[%emt 0:01:02]} 25. Rb1 {[%emt 0:00:01]} Kg8 {[%emt 0:00:10]} 26. h4 {[%emt 0:00:07]} b5 {[%emt 0:08:24]} 27. h5 {[%emt 0:12:48]} Rc4 {[%emt 0:09:21]} 28. Bf3 {[%emt 0:02:51]} Bf5 {[%emt 0:20:38]} 29. Rb4 {[%emt 0:01:06]} Qb6 {[%emt 0:04:58]} 30. h6 {[%emt 0:01:29]} f6 {[%emt 0:05:15]} 31. Kg2 {[%emt 0:04:18]} g5 {[%emt 0:07:32]} 32. Qb2 {[%emt 0:01:40]} Qc7 {[%emt 0:01:06]} 33. Rxc4 {[%emt 0:00:56]} bxc4 {[%emt 0:02:48]} 34. e4 {[%emt 0:01:06]} c3 {[%emt 0:03:47]} 35. Qc2 {[%emt 0:01:47]} Bd7 {[%emt 0:00:20]} 36. Be2 {[%emt 0:00:00]} Qc5 {[%emt 0:00:38]} 37. a4 {[%emt 0:00:00]} Qb4 {[%emt 0:00:46]} 38. Bb5 {[%emt 0:00:34]} Qb2 {[%emt 0:02:22]} 39. Bd3 {[%emt 0:00:04]} Kf8 {[%emt 0:00:34]} 40. a5 {[%emt 0:00:04]} Bb5 {[%emt 0:02:25]} 41. e5 {[%emt 0:01:00]} dxe5 {[%emt 0:00:33]} 42. Bxh7 {[%emt 0:00:00]} Bc4 {[%emt 0:00:40]} 43. d6 {[%emt 0:00:28]} Bd5+ {[%emt 0:00:05]} 44. Kh3 {[%emt 0:00:13]} exd6 {[%emt 0:00:15]} 45. Qd3 {[%emt 0:01:19]} Qd2 {[%emt 0:00:10]} 46. Kg4 {[%emt 0:00:15]} Be6+ {[%emt 0:00:19]} 47. Kf3 {[%emt 0:01:13]} g4+ {[%emt 0:01:07]} 48. Kg2 {[%emt 0:01:23]} Bd5+ {[%emt 0:00:00]} 49. Kg1 {[%emt 0:00:25]} Qc1+ {[%emt 0:00:47]} 0-1